00372nam a2200133Ia 4500008004100000020001800041041001200059100001900071245007500090260003300165300000800198650001600206700001600222221030s9999 xx 000 0 und d a9789354247866 aEnglish aM. T. Goodrich 0aData Structures & Algorithms in Pythoncby M. T. Goodrich, R. Tamassia bWiley IndiaaNew Delhic2021 a782 aBE Computer aR. Tamassia